00311nam a2200145Ia 45000030006000000050017000060080041000230400009000640410012000730820013000851000012000982450038001102600009001483000008001570Nust20170105110256.0161124s9999 xx 000 0 und d cIGIS aEnglish a745bISO aIsocarp aSustainable City Developing World c2010 a266